000 00438cam a2200181ua 4500
001 5831
008 131023n ii |||gr||||Z||||||asm
040 _cMAIN
082 _a954.162
245 _aAhomar Din
_cBy Hiteswar Borbaruah
250 _a5th ed.
260 _aGuwahati:
_bPublication Board Assam,
_c2008.
300 _ax,578p.
653 _aHistory
653 _aAhomar Din
700 _aBorbaruah,Hiteswar,
_eAuthor.
942 _cBK
999 _c4986
_d4986